|
|
|
|
| LEADER |
01018nam a2200265 a 4500 |
| 001 |
4369537 |
| 008 |
090706s1990 enk b 001 0 eng d |
| 010 |
|
|
|a 90177113
|
| 020 |
|
|
|a 0854780378
|
| 020 |
|
|
|a 0312037449
|
| 040 |
|
|
|a DLC
|c DLC
|d DLC
|
| 082 |
0 |
0 |
|a 811/.3
|2 20
|
| 100 |
1 |
|
|a Clarke, Graham,
|d 1948-
|
| 245 |
1 |
0 |
|a Walt Whitman :
|b the poem as private history /
|c by Graham Clarke.
|
| 260 |
|
|
|a London :
|b Vision Press ;
|a New York :
|b St. Martin's Press,
|c 1991.
|
| 300 |
|
|
|a 176 p. ;
|c 23 cm.
|
| 490 |
|
0 |
|a Critical studies series
|
| 504 |
|
|
|a Includes bibliographical references and index.
|
| 541 |
1 |
|
|e 00016584
|
| 600 |
1 |
0 |
|a Whitman, Walt,
|d 1819-1892
|x Criticism and interpretation.
|
| 650 |
|
0 |
|a Poetry
|x Psychological aspects.
|
| 650 |
|
0 |
|a Self in literature.
|
| 852 |
4 |
|
|a Ayesha Abed Library
|j General shelf
|
| 999 |
|
|
|c 2046
|d 2046
|
| 952 |
|
|
|0 0
|1 0
|2 ddc
|4 0
|6 811_300000000000000_CLA_1991
|7 0
|9 1881
|a BRACUL
|b BRACUL
|c GEN
|d 2009-07-06
|g 1125.00
|l 1
|m 2
|o 811.3 CLA
|p 3010016584
|r 2015-05-31
|s 2015-05-12
|t 1
|w 2009-07-06
|y BK
|